000 00692nam a2200217 a 4500
001 1204
005 20140414132000.0
008 041110s19uu xx 00 eng d
050 _aTR 813.08
_bL41 1994
100 _aLaw, Felicia
245 _aLearn about time /
_cStory by Felicia Law ; illustrations by Steve Smallman, Shirley Tourret.
260 _aChicago, Ill :
_bWorld Books,
_c1994.
300 _ap. : ill. ; cm.
440 _aEarly World of Learing-Poldy
520 _aThe story uses familiar time concepts such as 'time to get up' and 'time for tea'.
650 _aShapes
_xFiction.
650 _aChildren stories.
999 _c113042
_d113042